<?xml version="1.0" encoding="UTF-8"?>
<record
    xmlns:xsi="http://www.w3.org/2001/XMLSchema-instance"
    xsi:schemaLocation="http://www.loc.gov/MARC21/slim http://www.loc.gov/standards/marcxml/schema/MARC21slim.xsd"
    xmlns="http://www.loc.gov/MARC21/slim">

  <leader>00484nam a22001817a 4500</leader>
  <controlfield tag="005">20240106145942.0</controlfield>
  <controlfield tag="008">220120b           ||||| |||| 00| 0 eng d</controlfield>
  <datafield tag="020" ind1=" " ind2=" ">
    <subfield code="a">978-93-89034-82-0</subfield>
  </datafield>
  <datafield tag="041" ind1=" " ind2=" ">
    <subfield code="a">eng</subfield>
  </datafield>
  <datafield tag="082" ind1=" " ind2=" ">
    <subfield code="a">612.75</subfield>
  </datafield>
  <datafield tag="100" ind1=" " ind2=" ">
    <subfield code="a">LEVANGIE, PAMELA.K  NORKIN , CYNTHIA </subfield>
    <subfield code="9">8255</subfield>
  </datafield>
  <datafield tag="245" ind1=" " ind2=" ">
    <subfield code="a">JOINT STRUCTURE &amp; A COMPREHENSIV ANALYSIS </subfield>
  </datafield>
  <datafield tag="250" ind1=" " ind2=" ">
    <subfield code="a">6TH ED.</subfield>
  </datafield>
  <datafield tag="260" ind1=" " ind2=" ">
    <subfield code="a">NEW DELHI</subfield>
    <subfield code="b">JAYPEE , THE HEALTH SCIENCES PUBLISHERS </subfield>
  </datafield>
  <datafield tag="300" ind1=" " ind2=" ">
    <subfield code="a">535;p</subfield>
  </datafield>
  <datafield tag="650" ind1=" " ind2=" ">
    <subfield code="a">BPT</subfield>
  </datafield>
  <datafield tag="942" ind1=" " ind2=" ">
    <subfield code="c">BK</subfield>
  </datafield>
  <datafield tag="999" ind1=" " ind2=" ">
    <subfield code="c">7850</subfield>
    <subfield code="d">7848</subfield>
  </datafield>
  <datafield tag="952" ind1=" " ind2=" ">
    <subfield code="0">0</subfield>
    <subfield code="1">0</subfield>
    <subfield code="4">0</subfield>
    <subfield code="7">0</subfield>
    <subfield code="8">PHYSIOTHERAPY</subfield>
    <subfield code="a">JRU</subfield>
    <subfield code="b">JRU</subfield>
    <subfield code="c">SHELF-20-C</subfield>
    <subfield code="d">2022-01-20</subfield>
    <subfield code="e">PURCHASE</subfield>
    <subfield code="g">1795.00</subfield>
    <subfield code="l">17</subfield>
    <subfield code="m">8</subfield>
    <subfield code="o">612.75</subfield>
    <subfield code="p">25900</subfield>
    <subfield code="q">2026-05-19</subfield>
    <subfield code="r">2026-05-04 16:49:34</subfield>
    <subfield code="s">2026-05-04</subfield>
    <subfield code="w">2022-01-20</subfield>
    <subfield code="y">BK</subfield>
  </datafield>
  <datafield tag="952" ind1=" " ind2=" ">
    <subfield code="0">0</subfield>
    <subfield code="1">0</subfield>
    <subfield code="4">0</subfield>
    <subfield code="7">0</subfield>
    <subfield code="8">PHYSIOTHERAPY</subfield>
    <subfield code="a">JRU</subfield>
    <subfield code="b">JRU</subfield>
    <subfield code="c">SHELF-20-C</subfield>
    <subfield code="d">2022-01-20</subfield>
    <subfield code="e">PURCHASE</subfield>
    <subfield code="g">1795.00</subfield>
    <subfield code="l">23</subfield>
    <subfield code="m">10</subfield>
    <subfield code="o">612.75</subfield>
    <subfield code="p">25901</subfield>
    <subfield code="q">2026-05-14</subfield>
    <subfield code="r">2026-04-29 12:48:33</subfield>
    <subfield code="s">2026-04-29</subfield>
    <subfield code="w">2022-01-20</subfield>
    <subfield code="y">BK</subfield>
  </datafield>
  <datafield tag="952" ind1=" " ind2=" ">
    <subfield code="0">0</subfield>
    <subfield code="1">0</subfield>
    <subfield code="4">0</subfield>
    <subfield code="7">0</subfield>
    <subfield code="8">PHYSIOTHERAPY</subfield>
    <subfield code="a">JRU</subfield>
    <subfield code="b">JRU</subfield>
    <subfield code="c">SHELF-20-C</subfield>
    <subfield code="d">2022-01-20</subfield>
    <subfield code="e">PURCHASE</subfield>
    <subfield code="g">1795.00</subfield>
    <subfield code="l">11</subfield>
    <subfield code="m">3</subfield>
    <subfield code="o">612.75</subfield>
    <subfield code="p">25902</subfield>
    <subfield code="q">2026-05-19</subfield>
    <subfield code="r">2026-05-04 12:14:34</subfield>
    <subfield code="s">2026-05-04</subfield>
    <subfield code="w">2022-01-20</subfield>
    <subfield code="y">BK</subfield>
  </datafield>
  <datafield tag="952" ind1=" " ind2=" ">
    <subfield code="0">0</subfield>
    <subfield code="1">0</subfield>
    <subfield code="4">0</subfield>
    <subfield code="7">0</subfield>
    <subfield code="8">PHYSIOTHERAPY</subfield>
    <subfield code="a">JRU</subfield>
    <subfield code="b">JRU</subfield>
    <subfield code="c">Shelf - 25- D</subfield>
    <subfield code="d">2022-01-20</subfield>
    <subfield code="e">PURCHASE</subfield>
    <subfield code="g">1795.00</subfield>
    <subfield code="l">28</subfield>
    <subfield code="m">11</subfield>
    <subfield code="o">612.75</subfield>
    <subfield code="p">25903</subfield>
    <subfield code="q">2026-05-19</subfield>
    <subfield code="r">2026-05-04 17:05:15</subfield>
    <subfield code="s">2026-05-04</subfield>
    <subfield code="w">2022-01-20</subfield>
    <subfield code="y">BK</subfield>
  </datafield>
  <datafield tag="952" ind1=" " ind2=" ">
    <subfield code="0">0</subfield>
    <subfield code="1">0</subfield>
    <subfield code="4">0</subfield>
    <subfield code="7">0</subfield>
    <subfield code="8">PHYSIOTHERAPY</subfield>
    <subfield code="a">JRU</subfield>
    <subfield code="b">JRU</subfield>
    <subfield code="c">Shelf - 25- D</subfield>
    <subfield code="d">2022-01-20</subfield>
    <subfield code="e">PURCHASE</subfield>
    <subfield code="g">1795.00</subfield>
    <subfield code="l">21</subfield>
    <subfield code="m">8</subfield>
    <subfield code="o">612.75</subfield>
    <subfield code="p">25904</subfield>
    <subfield code="r">2026-05-11 12:16:15</subfield>
    <subfield code="s">2025-11-25</subfield>
    <subfield code="w">2022-01-20</subfield>
    <subfield code="y">BK</subfield>
  </datafield>
</record>
